Konateľ v súkromnej obchodnej spoločnosti
Ustanovenia Obchodného zákonníka dotýkajúce sa funkcie konateľa a jeho vzťahu k spoločnosti a ostatným orgánom tejto spoločnosti. Platnosť podľa slovenského právneho poriadku.
Na minha lista:
| Autor principal: | |
|---|---|
| Formato: | Capítulo de Livro |
| Idioma: | eslovaco |
| Assuntos: | |
| Tags: |
Sem tags, seja o primeiro a adicionar uma tag!
|
MARC
| LEADER | 00000naa a2200000 4500 | ||
|---|---|---|---|
| 001 | 0185264 | ||
| 005 | 20230912114226.4 | ||
| 041 | 0 | |a slo | |
| 044 | |a SK | ||
| 245 | 1 | 0 | |a Konateľ v súkromnej obchodnej spoločnosti |c Ondrej Beracka |
| 520 | |a Ustanovenia Obchodného zákonníka dotýkajúce sa funkcie konateľa a jeho vzťahu k spoločnosti a ostatným orgánom tejto spoločnosti. Platnosť podľa slovenského právneho poriadku. | ||
| 610 | 2 | 0 | |a spoločnosti obchodné |
| 610 | 2 | 0 | |a zákonník obchodný |
| 610 | 2 | 0 | |a pomer pracovný |
| 610 | 2 | 0 | |a zmluvy spoločenské |
| 610 | 2 | 0 | |a konatelia |
| 610 | 2 | 0 | |a zamestnanci |
| 100 | 1 | |a Beracka, Ondrej | |